Kỹ thuật điện

保存先:
書誌詳細
第一著者: Đặng Văn Đào
フォーマット: 図書
言語:Undetermined
出版事項: H. KHKT 2004
主題:
タグ: タグ追加
タグなし, このレコードへの初めてのタグを付けませんか!
Thư viện lưu trữ: Trung tâm Học liệu Trường Đại học Cần Thơ
LEADER 00590nam a2200217Ia 4500
001 CTU_62607
008 210402s9999 xx 000 0 und d
020 |b 32500 
082 |a 621.3 
082 |b Đ108 
100 |a Đặng Văn Đào 
245 0 |a Kỹ thuật điện 
245 0 |c Đặng Văn Đào và Lê Văn Doanh 
260 |a H. 
260 |b KHKT 
260 |c 2004 
526 |a Kỹ thuật điện 1 - Vật lý 
526 |b SP347 
650 |a electric engineering 
904 |i Minh 
980 |a Trung tâm Học liệu Trường Đại học Cần Thơ